Teaching reading to children with Down Syndrome : a guide for parents and teachers
Saved in:
| Main Author: | |
|---|---|
| Format: | Book |
| Language: | English |
| Published: |
Bethesda :
Woodbine House,
1995
|
| Series: | Topics in Down syndrome
|
| Subjects: | |
| Tags: |
Add Tag
No Tags, Be the first to tag this record!
|
MARC
| LEADER | 00000nam a2200000 i 4500 | ||
|---|---|---|---|
| 001 | 1/96452 | ||
| 008 | 991215s1995 eng d | ||
| 020 | |a 0-933149-55-7 |c 13.50 | ||
| 035 | |l 10055765 | ||
| 040 | |a GR-MY-UA |b gre |e aacr | ||
| 041 | 0 | |a eng | |
| 082 | 0 | |a 371.928 | |
| 100 | 1 | |a Oelwein, Patricia L. | |
| 245 | 1 | 0 | |a Teaching reading to children with Down Syndrome : |b a guide for parents and teachers / |c Patricia Logan Oelwein |
| 260 | |a Bethesda : |b Woodbine House, |c 1995 | ||
| 300 | |a 371 p.; |b ill.; |c 28 cm. | ||
| 490 | 1 | |a Topics in Down syndrome | |
| 650 | 0 | 0 | |a Children with mental disabilities |x Education |x Reading. |
| 650 | 0 | 0 | |a Down syndrome. |
| 650 | 0 | 0 | |a Reading |x Parent participation. |
| 830 | 0 | |a Topics in Down syndrome | |
| 852 | |a INST |b RHODES |e 19991215 |h 371.928 OEL |p 005400012562 |q 005400012562 |t BK |y 0 | ||
| 901 | |a BIBL4-2000-1 | ||
| 909 | |a Ρ |b 068934 | ||
| 922 | |a 4ΕΛΗ |b 199909 |c ΚΠΣ/154 |d GLORY BOOKS | ||
| 950 | |a 154-1999-07-22 | ||
| 970 | |a ΚΟΥΛΑΚΙΟΤΗ |b ΛΙΤΣΑ |z 2000/01/18 | ||